000
00317nam a22001337a 4500
008
171003b xxu||||| |||| 00| 0 eng d
020
_a
0801181199
041
_a
eng
080
_a
15939
100
_a
48
101
_a
PSI
245
_a
FORAGE QULITY EVALUATION AND UTILIZATION
_c
WILLIAMS.E.J
942
_2
udc
_c
BK
999
_c
31539
_d
31539